Экономическое районирование Юго-Востока России

Доступно только в Электронных читальных залах Найти на картеНа карте
RUSMARC
00004440nmc2a22003133x 450
001af0118cf-5bad-4bb2-9e88-86cdc9b58ab9
00520250113205043.0
100##$a20241113l1923 k y0rusy50 ca
1010#$arus
102##$aRU
105##$aab z |||||
1220#$ad19230308
2001#$aЭкономическое районирование Юго-Востока России
$j08.03.1923
215##$a99 листов
$cтабл., карт.
$d35,5 х 26,2
251##$cДело
300##$aВ деле имеются телеграммы
300##$aЛисты: 99 листов, в том числе: пропущенные номера листов 59
300##$aЧасть текста машинописная и рукописная, часть - напечатана типографским способом
324##$aВ деле имеются копии отдельных документов
461#0$1001ad6baeac-e292-4829-90d1-2f4f65796a62
$12001
$aСОВЕТ НАРОДНЫХ КОМИССАРОВ РСФСР (СНК РСФСР)
$1251
$cФонд
$1852
$gР
$j130
462#0$1001f242d036-a22e-42df-af01-fa7c0b1b76ca
$12001
$aУправление Делами СНК РСФСР. 1922-1923 гг.
$vД. 30
$1251
$cОпись
$1852
$j28
605##$3DITM\AF\0000002775
$aВласть
$lколлекция
$2acquisition_prlib
607##$aЮго-Восток России
6101#$aЭкономическое районирование
686##$a63.3(2)61-332ю1
$cИстория
$2rubbk
686##$a67.400.6ю1
$cПраво
$2rubbk
801#0$aRU
$bGA_RF
801#1$aRU
$bГлавНИВЦ
$c20241113
$2rusmarc
801#2$aRU
$bПБ им. Б.Н. Ельцина
$c20250113
$gRCR
$2rusmarc
852##$aГА РФ
$j30
937##$d195771665
$hГАРФ
035##$aRuPRLIB51077020
856##$uhttp://readingroom.main.prlib.ru/item.aspx?id_node=n195771665&mode=full
Формат отображения